[Event "CZECH OPEN 2011 "]
[Site "Pardubice (CZE)"]
[Date "2011.07.24"]
[Round "3.25"]
[White "Romanko, Marina"]
[Black "Chernyshov, Konstantin"]
[Result "0-1"]
[WhiteElo "2402"]
[BlackElo "2552"]
[PlyCount "92"]
[EventDate "2011.07.22"]

1. d4 e6 2. c4 b6 3. e4 Bb7 4. Bd3 Bb4+ 5. Bd2 Bxd2+ 6. Nxd2 Qf6 7. Ne2 Nc6 8.
Nf3 g5 9. e5 Qg7 10. Qa4 g4 11. Nd2 f6 12. exf6 Nxf6 13. c5 bxc5 14. O-O cxd4
15. Nxd4 Nxd4 16. Qxd4 O-O 17. Rac1 Nd5 18. Qxg7+ Kxg7 19. Be4 c6 20. Rfe1 Nf6
21. Bd3 Rab8 22. Nb3 Bc8 23. Rc5 Rf7 24. Rec1 Rb6 25. Ra5 d6 26. Rc2 e5 27. Re2
Kf8 28. Rc2 Be6 29. Nd2 Rfb7 30. b3 Ke7 31. Ra4 d5 32. Nf1 Kd6 33. Ng3 e4 34.
Ba6 Rc7 35. Be2 c5 36. Rd2 Ke5 37. Ra5 d4 38. Bd1 Bd5 39. Ne2 d3 40. Nc3 c4 41.
Nxd5 Nxd5 42. bxc4 Rxc4 43. f3 Rb1 44. fxe4 Kxe4 45. Kf2 Ne3 46. Bb3 g3+ 0-1

[Event "CZECH OPEN 2011 "]
[Site "Pardubice (CZE)"]
[Date "2011.07.24"]
[Round "3.36"]
[White "Arun Prasad, S."]
[Black "Nun, Jiri"]
[Result "1-0"]
[WhiteElo "2489"]
[BlackElo "2360"]
[PlyCount "81"]
[EventDate "2011.07.22"]

1. d4 c5 2. d5 e5 3. e4 d6 4. Bb5+ Nd7 5. a4 Be7 6. Nf3 a6 7. Be2 Nf8 8. Nc3
Ng6 9. a5 Bg4 10. Nd2 Bxe2 11. Nxe2 Bg5 12. Nc4 Bxc1 13. Qxc1 Nf6 14. Qe3 O-O
15. h4 Ne7 16. h5 h6 17. Ng3 Rc8 18. O-O Rc7 19. Rad1 Nc8 20. Qe2 Rd7 21. Rd3
Nh7 22. Nf5 Ne7 23. Ng3 Nc8 24. Qg4 Ng5 25. Rb3 g6 26. Rd3 Re7 27. f4 exf4 28.
Qxf4 Rfe8 29. Ne3 Rxe4 30. Nxe4 Rxe4 31. Qf6 Qe8 32. hxg6 fxg6 33. Nd1 Re1 34.
Qf2 Rxf1+ 35. Qxf1 Qd7 36. Qf6 Kh7 37. Re3 Nf7 38. Qe6 Qc7 39. Nf2 Ne5 40. Nd3
Nxd3 41. cxd3 1-0

[Event "CZECH OPEN 2011 "]
[Site "Pardubice (CZE)"]
[Date "2011.07.24"]
[Round "3.77"]
[White "Kireev, Aleksei"]
[Black "Roehrich, Stefan"]
[Result "1/2-1/2"]
[WhiteElo "2360"]
[BlackElo "2134"]
[PlyCount "156"]
[EventDate "2011.07.22"]

1. g3 Nf6 2. Bg2 d5 3. d3 e5 4. e4 dxe4 5. dxe4 Qxd1+ 6. Kxd1 Ng4 7. Nh3 Bc5 8.
Ke1 Nc6 9. c3 Be6 10. Nd2 O-O-O 11. Nf1 Rd3 12. f3 Rhd8 13. b3 Ne3 14. Nxe3
Bxe3 15. Ke2 Bxc1 16. Rhxc1 Rd2+ 17. Kf1 Rb2 18. Rcb1 Rc2 19. Rc1 Rdd2 20. Rxc2
Rxc2 21. c4 Nb4 22. a3 Nd3 23. Ng5 Rc3 24. Nxe6 fxe6 25. Bh3 Kd7 26. Ke2 Ke7
27. b4 Nb2 28. c5 Rc2+ 29. Kf1 Nc4 30. Kg1 Rc3 31. a4 Rxf3 32. b5 Ra3 33. Rxa3
Nxa3 34. Bf1 b6 35. Kf2 bxc5 36. Ke3 Nc2+ 37. Kd3 Nd4 38. Kc4 Kd6 39. a5 Nf3
40. Be2 Ng5 41. Bd3 Nf7 42. Be2 Nd8 43. Kb3 Nb7 44. a6 c4+ 45. Kxc4 Nc5 46. Bf3
Nd7 47. h4 Nb6+ 48. Kb4 Nd7 49. Kc4 Nc5 50. Bg2 h6 51. Bf3 Nd7 52. Kb4 c5+ 53.
Ka5 Nb6 54. Be2 Ke7 55. g4 Kf6 56. Bf1 Ke7 57. Be2 Kd7 58. Bf1 Kc7 59. Be2 Nd7
60. Bd1 Nb6 61. Be2 Nc8 62. Bf1 Kd6 63. Be2 Nb6 64. Bf1 c4 65. Kb4 c3 66. Bd3
Nd7 67. Bb1 Kc7 68. Kxc3 Kb6 69. Kb4 Nf6 70. g5 hxg5 71. hxg5 Nh7 72. g6 Nf8
73. Ba2 Nxg6 74. Bxe6 Nf4 75. Bg4 g5 76. Kc4 Ng6 77. Bd7 Ne7 78. Bf5 Ng8
1/2-1/2

[Event "CZECH OPEN 2011 "]
[Site "Pardubice (CZE)"]
[Date "2011.07.24"]
[Round "3.78"]
[White "Yakimenko, Alexander A"]
[Black "Yakunin, Alexey"]
[Result "0-1"]
[WhiteElo "2178"]
[BlackElo "2360"]
[PlyCount "88"]
[EventDate "2011.07.22"]

1. d4 Nf6 2. c4 g6 3. Nc3 Bg7 4. e4 d6 5. Nf3 O-O 6. Be2 e5 7. O-O Nbd7 8. Re1
c6 9. h3 exd4 10. Nxd4 Re8 11. Bf3 Ne5 12. Be2 a5 13. Bg5 h6 14. Bf4 a4 15. Qc2
Qa5 16. Rad1 Nfd7 17. Bd2 Nc5 18. Bf1 Qb6 19. Be3 Qb4 20. a3 Qa5 21. f4 Ned7
22. Nde2 Nf6 23. Ng3 h5 24. Bf2 h4 25. Nh1 Nh5 26. Bxh4 Nxf4 27. Rxd6 Nce6 28.
Rdd1 Be5 29. Bf2 Kg7 30. Ng3 Ng5 31. Nce2 Nfe6 32. Nd4 Nxd4 33. Rxd4 Bxh3 34.
Rdd1 Bg4 35. Be2 Bxe2 36. Rxe2 Rad8 37. Ree1 Ne6 38. Ne2 Rh8 39. Rxd8 Qxd8 40.
Nc3 Qg5 41. Ne2 Rh2 42. g3 Qh5 43. Qd3 Qh3 44. Qf3 Ng5 0-1

[Event "CZECH OPEN 2011 "]
[Site "Pardubice (CZE)"]
[Date "2011.07.24"]
[Round "3.79"]
[White "De Verdier, Michael"]
[Black "Raum, Sebastian"]
[Result "1-0"]
[WhiteElo "2359"]
[BlackElo "2112"]
[PlyCount "75"]
[EventDate "2011.07.22"]

1. c4 Nf6 2. g3 g6 3. Bg2 d5 4. cxd5 Nxd5 5. Nc3 Nb6 6. d3 Bg7 7. Be3 O-O 8.
Qd2 Nc6 9. Bxc6 bxc6 10. Bh6 c5 11. Bxg7 Kxg7 12. Ne4 Bb7 13. f3 Qd4 14. Rc1 c4
15. dxc4 Rad8 16. c5 Nc4 17. Qxd4+ Rxd4 18. Nc3 Ne3 19. Nh3 Rfd8 20. Kf2 Nd5
21. Rhd1 Nxc3 22. Rxd4 Rxd4 23. Rxc3 Rd2 24. Ra3 a6 25. b3 Rc2 26. Ra5 Bc6 27.
Nf4 Bb5 28. a4 Ra2 29. Ke3 e5 30. Nd3 Bxd3 31. Kxd3 Rb2 32. Kc4 Rxe2 33. Rxa6
Rxh2 34. Rc6 h5 35. Rxc7 g5 36. Rd7 h4 37. gxh4 gxh4 38. Rd1 1-0

[Event "CZECH OPEN 2011 "]
[Site "Pardubice (CZE)"]
[Date "2011.07.24"]
[Round "3.80"]
[White "Krapivin, Vladislav"]
[Black "Sazonova, Elena N"]
[Result "1/2-1/2"]
[WhiteElo "2354"]
[BlackElo "2131"]
[PlyCount "85"]
[EventDate "2011.07.22"]

1. e4 c5 2. d3 Nc6 3. g3 g6 4. Bg2 Bg7 5. c4 e6 6. Nc3 a6 7. Nge2 Rb8 8. Be3
Nd4 9. Rb1 d6 10. b4 Bd7 11. a4 Ne7 12. O-O O-O 13. f4 cxb4 14. Rxb4 Nxe2+ 15.
Nxe2 b5 16. axb5 axb5 17. cxb5 Rxb5 18. Rxb5 Bxb5 19. Nd4 Bd7 20. Qb3 Qb8 21.
Rb1 Qxb3 22. Rxb3 Nc6 23. Nxc6 Bxc6 24. Rb6 Rc8 25. d4 d5 26. exd5 Bxd5 27.
Bxd5 exd5 28. Rd6 Kf8 29. Rxd5 Rc2 30. h3 Re2 31. Bf2 Ke7 32. f5 h5 33. fxg6
fxg6 34. Rb5 Bf6 35. d5 Rc2 36. Kf1 Be5 37. Be1 Bd6 38. Rb6 Rc5 39. Bb4 Rxd5
40. Bxd6+ Rxd6 41. Rb7+ Kf6 42. Ke2 Ra6 43. Rb3 1/2-1/2

[Event "CZECH OPEN 2011 "]
[Site "Pardubice (CZE)"]
[Date "2011.07.24"]
[Round "3.81"]
[White "Hladik, Josef"]
[Black "Graf, Felix"]
[Result "1/2-1/2"]
[WhiteElo "2141"]
[BlackElo "2352"]
[PlyCount "65"]
[EventDate "2011.07.22"]

1. e4 e6 2. Qe2 c5 3. Nf3 Nc6 4. g3 d6 5. Bg2 Be7 6. O-O h5 7. h4 Nf6 8. c3 d5
9. d3 dxe4 10. dxe4 Ng4 11. Rd1 Qc7 12. a4 Bd7 13. Na3 Rd8 14. Nc4 Kf8 15. e5
Na5 16. Bf4 Nxc4 17. Qxc4 Bc6 18. Rxd8+ Qxd8 19. Qe2 g6 20. Nd2 Bxg2 21. Kxg2
g5 22. hxg5 Bxg5 23. Bxg5 Qxg5 24. f4 Qg6 25. Nf3 h4 26. Nxh4 Rxh4 27. gxh4
Nxe5+ 28. Kf1 Nd3 29. Qg2 Qf5 30. Qg5 Qe4 31. Qd8+ Kg7 32. Qg5+ Kf8 33. Qd8+
1/2-1/2

[Event "CZECH OPEN 2011 "]
[Site "Pardubice (CZE)"]
[Date "2011.07.24"]
[Round "3.82"]
[White "Kosata, Jan"]
[Black "Kulovana, Eva"]
[Result "0-1"]
[WhiteElo "2139"]
[BlackElo "2330"]
[PlyCount "112"]
[EventDate "2011.07.22"]

1. e4 c6 2. d4 d5 3. Nc3 dxe4 4. Nxe4 Bf5 5. Ng3 Bg6 6. Nf3 Nf6 7. Ne5 Nbd7 8.
Nxg6 hxg6 9. Bc4 e6 10. c3 c5 11. Be3 a6 12. Bb3 Qc7 13. Qe2 Bd6 14. O-O-O O-O
15. Kb1 b5 16. dxc5 Nxc5 17. Bxc5 Bxc5 18. f3 Rab8 19. Ne4 a5 20. Rd2 a4 21.
Bc2 b4 22. Qc4 Nxe4 23. Bxe4 bxc3 24. Qxc3 Qb6 25. Rc2 Bd4 26. Qa3 f5 27. Bd3
Rb7 28. Re1 Rfb8 29. Ree2 Bxb2 30. Rxb2 Qg1+ 31. Kc2 Rxb2+ 32. Qxb2 Rxb2+ 33.
Kxb2 Qd4+ 34. Kc2 a3 35. Rd2 Qa4+ 36. Kc3 Qa5+ 37. Kc2 Qb4 38. Kd1 e5 39. Bc2
Qc5 40. Bb3+ Kf8 41. h3 Ke7 42. Ke2 Kf6 43. Kf1 Kg5 44. Rc2 Qe3 45. Re2 Qf4 46.
Rc2 Kh4 47. Kf2 Qd4+ 48. Ke2 Kg3 49. Rd2 Qf2+ 50. Kd3 e4+ 51. fxe4 fxe4+ 52.
Kc2 Qf1 53. Bd5 e3 54. Rd3 Qe2+ 55. Kc3 Qb2+ 56. Kc4 Kf2 0-1

[Event "CZECH OPEN 2011 "]
[Site "Pardubice (CZE)"]
[Date "2011.07.24"]
[Round "3.83"]
[White "Kachar, Vladimir"]
[Black "Yefimov, Mstislav"]
[Result "1-0"]
[WhiteElo "2328"]
[BlackElo "2127"]
[PlyCount "81"]
[EventDate "2011.07.22"]

1. d4 d5 2. c4 c6 3. Nf3 Nf6 4. e3 Bg4 5. Qb3 Qb6 6. Nc3 Bxf3 7. gxf3 e6 8. Bd2
Nbd7 9. Be2 Qxb3 10. axb3 Bd6 11. c5 Bc7 12. b4 O-O 13. b5 e5 14. O-O exd4 15.
exd4 Rfe8 16. Ra4 Nh5 17. Rfa1 Bf4 18. Be3 Nf8 19. Rxa7 Rab8 20. Nd1 Ng6 21.
bxc6 bxc6 22. R1a6 Ne7 23. Bd3 g6 24. Rb6 Ra8 25. Rbb7 Rxa7 26. Rxa7 Nf5 27.
Bxf5 gxf5 28. Ra6 Re6 29. b4 Kf8 30. Ra8+ Ke7 31. b5 cxb5 32. Nc3 Rg6+ 33. Kf1
Bxh2 34. Nxd5+ Ke6 35. Nb4 Rg1+ 36. Ke2 Nf4+ 37. Bxf4 Bxf4 38. d5+ Ke5 39. d6
Ke6 40. Re8+ Kf6 41. Nd5+ 1-0

[Event "CZECH OPEN 2011 "]
[Site "Pardubice (CZE)"]
[Date "2011.07.24"]
[Round "3.85"]
[White "Gislason, Gudmundur"]
[Black "Mueller, Jan-Hendrik"]
[Result "1-0"]
[WhiteElo "2322"]
[BlackElo "2099"]
[PlyCount "63"]
[EventDate "2011.07.22"]

1. d4 e6 2. c4 Nf6 3. Nc3 Bb4 4. Qc2 O-O 5. a3 Bxc3+ 6. Qxc3 b6 7. f3 d5 8. Bg5
dxc4 9. Qxc4 Ba6 10. Qa4 Qd7 11. Qxd7 Nbxd7 12. e4 Bxf1 13. Kxf1 Rac8 14. Ne2
c5 15. Be3 Rfd8 16. Kf2 Ne8 17. Rhd1 Nd6 18. dxc5 Nxc5 19. Rac1 Ncb7 20. e5 Ne8
21. b4 Rxc1 22. Rxc1 Rd7 23. Nd4 Nd8 24. Rc8 Kf8 25. Nb5 Ke7 26. Nxa7 Rxa7 27.
Bxb6 Rxa3 28. Rxd8 Rb3 29. Rd4 f6 30. Bc5+ Kf7 31. Rd7+ Kg6 32. Re7 1-0

[Event "CZECH OPEN 2011 "]
[Site "Pardubice (CZE)"]
[Date "2011.07.24"]
[Round "3.87"]
[White "Kersten, Uwe"]
[Black "Walter, Florian"]
[Result "1/2-1/2"]
[WhiteElo "2314"]
[BlackElo "2076"]
[PlyCount "54"]
[EventDate "2011.07.22"]

1. e4 g6 2. d4 Bg7 3. Nc3 d6 4. f4 e6 5. Nf3 Ne7 6. Be3 a6 7. Qd2 Nd7 8. Bd3 b5
9. Ne2 c5 10. c3 Bb7 11. O-O c4 12. Bc2 Nf6 13. d5 exd5 14. exd5 Bxd5 15. f5
Be4 16. Ned4 Bxc2 17. Qxc2 O-O 18. fxg6 hxg6 19. Qf2 Ng4 20. Qh4 Nd5 21. Bg5
Qd7 22. Bd2 Ngf6 23. h3 Rae8 24. Ng5 Re5 25. Rf2 Rfe8 26. Raf1 R8e7 27. Kh1 Re8
1/2-1/2

[Event "CZECH OPEN 2011 "]
[Site "Pardubice (CZE)"]
[Date "2011.07.24"]
[Round "3.90"]
[White "Yuffa, Daniil"]
[Black "Hampel, Felix"]
[Result "1-0"]
[WhiteElo "2302"]
[BlackElo "2049"]
[PlyCount "85"]
[EventDate "2011.07.22"]

1. e4 e5 2. Nf3 Nc6 3. Bb5 a6 4. Ba4 Nf6 5. O-O Be7 6. Re1 b5 7. Bb3 d6 8. d3
O-O 9. a4 Bb7 10. Nc3 b4 11. Ne2 Na5 12. Ba2 c5 13. Ng3 Qc7 14. Nf5 Bd8 15. Bd2
Nc6 16. Qc1 Ne8 17. Bg5 Ne7 18. N3h4 g6 19. Bxe7 Bxe7 20. Qh6 gxf5 21. Nxf5 Kh8
22. Re3 Rg8 23. Bxf7 Nf6 24. Bxg8 Rxg8 25. Rg3 Ng4 26. Qe6 Bf8 27. Qe8 Bc6 28.
Qh5 Nf6 29. Qh4 Rxg3 30. Qxf6+ Bg7 31. Qe7 Qxe7 32. Nxe7 Rxg2+ 33. Kxg2 Bd7 34.
Nd5 Bh6 35. c3 b3 36. Ra3 Bc1 37. Rxb3 Bxa4 38. Rb7 Bg5 39. b3 Bc6 40. Rb6 Bd7
41. Rxd6 Be8 42. Rxa6 Bh5 43. f3 1-0

[Event "CZECH OPEN 2011 "]
[Site "Pardubice (CZE)"]
[Date "2011.07.24"]
[Round "3.91"]
[White "Kyas, Philipp"]
[Black "Bystrov, Sergej"]
[Result "0-1"]
[WhiteElo "2017"]
[BlackElo "2300"]
[PlyCount "86"]
[EventDate "2011.07.22"]

1. d4 f5 2. c4 Nf6 3. Nc3 d6 4. Nf3 g6 5. Bg5 Bg7 6. d5 c5 7. g3 h6 8. Bxf6
Bxf6 9. Nh4 g5 10. Ng6 Rg8 11. e4 Rxg6 12. Qh5 Kf7 13. exf5 Bxf5 14. g4 Bxc3+
15. bxc3 Be4 16. f3 Qa5 17. Kd2 Qa3 18. fxe4 Qb2+ 19. Kd3 Qxa1 20. e5 dxe5 21.
Bg2 Qxa2 22. Be4 Qa6 23. Rb1 Nd7 24. Rxb7 Rd8 25. Rxa7 Qf6 26. Bf5 e4+ 27. Kxe4
Ne5 28. Rc7 Kg8 29. Rxc5 Rg7 30. Qh3 Ng6 31. Qxh6 Qe5+ 32. Kd3 Nf4+ 33. Kc2
Qe2+ 34. Kb3 Rb8+ 35. Rb5 Rxb5+ 36. cxb5 Qxb5+ 37. Kc2 Qxd5 38. Qb6 e6 39. Qb8+
Kf7 40. h4 exf5 41. Qc7+ Kg8 42. Qc8+ Kh7 43. gxf5 Rb7 0-1

[Event "CZECH OPEN 2011 "]
[Site "Pardubice (CZE)"]
[Date "2011.07.24"]
[Round "3.92"]
[White "Boruchovsky, Avital"]
[Black "Hladik, Lumir"]
[Result "1-0"]
[WhiteElo "2297"]
[BlackElo "2011"]
[PlyCount "59"]
[EventDate "2011.07.22"]

1. e4 c6 2. Nc3 d5 3. Nf3 Bg4 4. h3 Bxf3 5. Qxf3 Nf6 6. d3 e6 7. a3 Nbd7 8. Bd2
Qc7 9. g4 g6 10. O-O-O a6 11. h4 d4 12. Ne2 e5 13. Ng3 b5 14. g5 Ng8 15. h5 Bd6
16. Bh3 a5 17. Ne2 Nb6 18. hxg6 fxg6 19. Kb1 b4 20. Ka2 c5 21. Be6 c4 22. dxc4
Nxc4 23. Qb3 Nxd2 24. Rxd2 bxa3 25. Bxg8 Rb8 26. Qe6+ Kf8 27. Rh3 Kg7 28. Rf3
Rf8 29. Rxf8 Kxf8 30. Rd3 1-0

[Event "CZECH OPEN 2011 "]
[Site "Pardubice (CZE)"]
[Date "2011.07.24"]
[Round "3.93"]
[White "Taddei, Benoit"]
[Black "Kraus, Ondrej"]
[Result "1-0"]
[WhiteElo "2288"]
[BlackElo "1969"]
[PlyCount "45"]
[EventDate "2011.07.22"]

1. e4 c6 2. d4 d5 3. e5 c5 4. dxc5 Nc6 5. Nf3 Bg4 6. c3 e6 7. b4 Bxf3 8. Qxf3
Nxe5 9. Bb5+ Nc6 10. Bf4 Nf6 11. Nd2 g6 12. Nc4 dxc4 13. Bxc6+ bxc6 14. Qxc6+
Nd7 15. Rd1 Qc8 16. Bc7 Bg7 17. O-O O-O 18. Rxd7 Bxc3 19. b5 Bb4 20. Rd4 a6 21.
b6 Rb8 22. Rxc4 Bd2 23. Qd6 1-0

[Event "CZECH OPEN 2011 "]
[Site "Pardubice (CZE)"]
[Date "2011.07.24"]
[Round "3.94"]
[White "Zwardon, Vojtech"]
[Black "Mishuchkov, Nikolai"]
[Result "1/2-1/2"]
[WhiteElo "2231"]
[BlackElo "2415"]
[PlyCount "89"]
[EventDate "2011.07.22"]

1. e4 c5 2. Nf3 e6 3. d4 cxd4 4. Nxd4 Nc6 5. Nxc6 bxc6 6. Bd3 Nf6 7. O-O d6 8.
b3 Be7 9. Bb2 e5 10. Nd2 O-O 11. Qe2 Bg4 12. f3 Be6 13. Nc4 Nd7 14. Rad1 Qc7
15. Ne3 Rfe8 16. Bc4 Bxc4 17. Nxc4 Nb6 18. Kh1 Bf8 19. Ne3 Qb7 20. c4 a5 21. f4
Nd7 22. Nf5 Re6 23. Rd3 Rae8 24. fxe5 Nxe5 25. Bxe5 Rxe5 26. Nxd6 Bxd6 27. Rxd6
f5 28. Qd1 Rxe4 29. h3 Qb6 30. Rd7 Qc5 31. Qh5 Rf8 32. Qd1 Re6 33. Rd8 g6 34.
Rxf8+ Qxf8 35. Qd2 Qc5 36. Qd8+ Kg7 37. Rd1 Re7 38. Qa8 h5 39. Qd8 Kh7 40. Rd7
Rxd7 41. Qxd7+ Kh6 42. Qd2+ Kg7 43. Qd7+ Kh6 44. Qd2+ Kg7 45. Qd7+ 1/2-1/2

[Event "CZECH OPEN 2011 "]
[Site "Pardubice (CZE)"]
[Date "2011.07.24"]
[Round "3.95"]
[White "Lyell, Mark"]
[Black "Cerveny, Martin"]
[Result "0-1"]
[WhiteElo "2224"]
[BlackElo "2347"]
[PlyCount "66"]
[EventDate "2011.07.22"]

1. e4 c5 2. Nc3 a6 3. d3 e6 4. g3 b5 5. Bg2 Bb7 6. Nh3 h5 7. Bg5 Be7 8. Bxe7
Nxe7 9. O-O b4 10. Na4 d6 11. d4 Bc6 12. b3 Bxa4 13. bxa4 Nbc6 14. d5 exd5 15.
Nf4 d4 16. Nxh5 Kf8 17. f4 g6 18. Nf6 Kg7 19. e5 dxe5 20. fxe5 Rc8 21. Qe2 d3
22. cxd3 Qd4+ 23. Kh1 Nf5 24. Rxf5 gxf5 25. Rf1 Qxe5 26. Nh5+ Kf8 27. Qxe5 Nxe5
28. Rxf5 Nxd3 29. Bb7 Rc7 30. Bxa6 c4 31. Rd5 Nf2+ 32. Kg2 Rxh5 33. Rxh5 c3 0-1

[Event "CZECH OPEN 2011 "]
[Site "Pardubice (CZE)"]
[Date "2011.07.24"]
[Round "3.39"]
[White "Freisler, Pavel"]
[Black "Kovacevic, Blazimir"]
[Result "0-1"]
[WhiteElo "2351"]
[BlackElo "2480"]
[PlyCount "120"]
[EventDate "2011.07.22"]

1. Nf3 d5 2. d4 Nf6 3. c4 e6 4. Nc3 Nbd7 5. Bg5 Be7 6. e3 O-O 7. Rc1 dxc4 8.
Bxc4 a6 9. e4 c5 10. e5 Nd5 11. Bxe7 Nxe7 12. O-O Ng6 13. Ne4 cxd4 14. Nfg5
Ndxe5 15. Nxh7 Kxh7 16. Qh5+ Kg8 17. Ng5 Re8 18. Bb3 b5 19. f4 Nc4 20. Rf3 Ra7
21. Bc2 Qf6 22. Rh3 d3 23. Bxd3 Qd4+ 24. Kh1 Kf8 25. Bxg6 fxg6 26. Qxg6 Ke7 27.
Rh7 Rd7 28. h3 Kd8 29. b3 Qxf4 30. Rg1 Qf6 31. Qxf6+ gxf6 32. Nf7+ Kc7 33. bxc4
Ree7 34. cxb5 Rxf7 35. Rc1+ Kb8 36. Rh8 Rc7 37. Rxc7 Rxc7 38. bxa6 Ra7 39. h4
Rxa6 40. h5 f5 41. h6 e5 42. Kg1 Kc7 43. h7 Rh6 44. a4 Bd7 45. a5 Kb7 46. g3
Bb5 47. Kf2 Ka7 48. Ke3 Rh3 49. Rf8 Rxh7 50. Rxf5 Re7 51. g4 Bd7 52. Rg5 Ka6
53. Ke4 Bc6+ 54. Kf5 e4 55. Kf6 Re8 56. Kf7 e3 57. Rc5 Bb5 58. Rc1 e2 59. Re1
Rd8 60. g5 Rd1 0-1

[Event "CZECH OPEN 2011 "]
[Site "Pardubice (CZE)"]
[Date "2011.07.24"]
[Round "3.47"]
[White "Akesson, Ralf"]
[Black "Shemeakin, Alexander"]
[Result "1-0"]
[WhiteElo "2429"]
[BlackElo "2317"]
[PlyCount "112"]
[EventDate "2011.07.22"]

1. d4 d5 2. c4 c6 3. Nc3 Nf6 4. e3 a6 5. Qc2 b5 6. b3 Bg4 7. Nge2 g6 8. Ng3 Bg7
9. h3 Be6 10. c5 O-O 11. Bd3 Qc7 12. Nce2 a5 13. a3 Bc8 14. f4 h5 15. Bb2 h4
16. Nf1 Ne4 17. Bxe4 dxe4 18. Qxe4 Bf5 19. Qf3 Bc2 20. e4 f5 21. e5 b4 22. Nd2
bxa3 23. Bxa3 Qb7 24. O-O a4 25. b4 Na6 26. Rfc1 Be4 27. Nxe4 fxe4 28. Qxe4 Nc7
29. Nc3 Rf5 30. b5 Nxb5 31. Nxb5 Qxb5 32. Rab1 Qa5 33. Qxc6 Rxf4 34. d5 Kh7 35.
d6 exd6 36. exd6 Raf8 37. Qd5 R4f5 38. Qd1 Rd5 39. Qe1 Qa6 40. c6 Rdf5 41. d7
Qd3 42. Rd1 Rf1+ 43. Qxf1 Rxf1+ 44. Rxf1 Bd4+ 45. Kh1 Be5 46. Rbe1 Bc7 47. Rf7+
Kh6 48. Rf3 Qd5 49. Be7 Qd2 50. Ref1 Qd5 51. Bxh4 a3 52. Bg3 Qxc6 53. Bf4+ Kh5
54. g4+ Kh4 55. Bxc7 Qxc7 56. Rd1 Qc6 1-0

[Event "CZECH OPEN 2011 "]
[Site "Pardubice (CZE)"]
[Date "2011.07.24"]
[Round "3.49"]
[White "Jedlicka, Ales"]
[Black "Sengupta, Deep"]
[Result "1/2-1/2"]
[WhiteElo "2282"]
[BlackElo "2563"]
[PlyCount "141"]
[EventDate "2011.07.22"]

1. d4 d5 2. c4 e6 3. Nf3 c6 4. g3 Nf6 5. Bg2 Bb4+ 6. Bd2 Be7 7. Qc2 O-O 8. O-O
b6 9. b3 Bb7 10. Rd1 Nbd7 11. Nc3 Rc8 12. e4 dxe4 13. Nxe4 c5 14. Nxf6+ Bxf6
15. Ng5 Bxg5 16. Bxb7 Rc7 17. dxc5 Bf6 18. Bc3 bxc5 19. Bg2 Qe7 20. Rac1 Rd8
21. Qd3 Rcc8 22. Bxf6 Qxf6 23. Qe3 h5 24. Rd2 Ne5 25. Rcd1 Rxd2 26. Qxd2 g6 27.
h4 Kg7 28. Qg5 Rc7 29. Qxf6+ Kxf6 30. f4 Ng4 31. Bf3 Ne3 32. Rd8 Ke7 33. Rd3
Nf5 34. Kf2 a5 35. Be4 Nd4 36. Rd2 Rd7 37. Ke3 Rd6 38. Rb2 Rb6 39. Kd3 Kd6 40.
Kc3 e5 41. Bd5 exf4 42. gxf4 Kc7 43. a3 Rf6 44. b4 axb4+ 45. axb4 Rxf4 46. bxc5
Nc6 47. Rb6 Rf6 48. Ra6 Kb7 49. Rb6+ Kc7 50. Kd2 g5 51. hxg5 Rg6 52. Be4 Re6
53. Bd5 Rg6 54. Ke3 Ne5 55. Bxf7 Rxg5 56. Bd5 Rg6 57. Rb7+ Kc8 58. Rh7 Ng4+ 59.
Kf4 Kd8 60. c6 Rf6+ 61. Kg5 Rd6 62. c7+ Kc8 63. Kf5 Rf6+ 64. Kg5 Rd6 65. Be4
Nf6 66. Bf5+ Nd7 67. c5 Rd5 68. Rxd7 Rxf5+ 69. Kxf5 Kxd7 70. Kg5 Kxc7 71. Kxh5
1/2-1/2

[Event "CZECH OPEN 2011 "]
[Site "Pardubice (CZE)"]
[Date "2011.07.24"]
[Round "3.54"]
[White "Severiukhina, Zoja"]
[Black "Totsky, Leonid"]
[Result "1/2-1/2"]
[WhiteElo "2270"]
[BlackElo "2484"]
[PlyCount "123"]
[EventDate "2011.07.22"]

1. e4 c5 2. Nf3 Nf6 3. e5 Nd5 4. d4 cxd4 5. Qxd4 e6 6. Bc4 Nc6 7. Qe4 d6 8. O-O
Nb6 9. exd6 Nxc4 10. Qxc4 Bxd6 11. Nc3 O-O 12. Bg5 Ne5 13. Nxe5 Qxg5 14. f4 Qe7
15. Rad1 Qc7 16. Qxc7 Bxc7 17. Nb5 Bb6+ 18. Kh1 a6 19. Nd6 f6 20. Ndc4 Bc7 21.
Nd7 Bxd7 22. Rxd7 Rf7 23. Rd3 b5 24. Ne3 Rd8 25. Rxd8+ Bxd8 26. Rd1 Bb6 27. Rd3
Rf8 28. g3 Rd8 29. Rxd8+ Bxd8 30. Kg2 Kf7 31. Kf3 Bb6 32. c3 f5 33. Nc2 Bc5 34.
Ne1 Kf6 35. Nd3 Bd6 36. b3 e5 37. fxe5+ Bxe5 38. Nxe5 Kxe5 39. Ke3 a5 40. Kf3
a4 41. h4 a3 42. h5 Ke6 43. Ke3 Ke5 44. Kf3 g5 45. h6 Kd6 46. Ke3 Ke5 47. Kf3
Ke6 48. Ke3 Kd5 49. Kf3 Ke5 50. Ke3 g4 51. c4 b4 52. c5 Kd5 53. Kf4 Kxc5 54.
Kxf5 Kd4 55. Kf6 Kc3 56. Kg7 Kb2 57. Kxh7 Kxa2 58. Kg6 Kb1 59. h7 a2 60. h8=Q
a1=Q 61. Qh1+ Ka2 62. Qa8+ 1/2-1/2

[Event "CZECH OPEN 2011 "]
[Site "Pardubice (CZE)"]
[Date "2011.07.24"]
[Round "3.84"]
[White "Miller, Eduard"]
[Black "Bruedigam, Martin"]
[Result "1/2-1/2"]
[WhiteElo "2088"]
[BlackElo "2322"]
[PlyCount "214"]
[EventDate "2011.07.22"]

1. d4 Nf6 2. c4 e6 3. Nc3 Bb4 4. Qc2 d5 5. a3 Bxc3+ 6. Qxc3 Ne4 7. Qc2 Nc6 8.
e3 e5 9. cxd5 Qxd5 10. Bc4 Qa5+ 11. Kf1 Nd6 12. Bd2 Bf5 13. Bd3 Bxd3+ 14. Qxd3
Qd5 15. Ne2 exd4 16. exd4 O-O 17. Bc3 Ne4 18. f3 Nf6 19. Kf2 Rfe8 20. Rhe1 Ne5
21. Qf5 Nc4 22. Qxd5 Nxd5 23. b3 Nd6 24. Bd2 c6 25. Nc3 Nxc3 26. Bxc3 Nb5 27.
Bb2 f6 28. Rac1 Nc7 29. a4 Nd5 30. g3 Kf7 31. Ba3 Rxe1 32. Rxe1 Re8 33. Rxe8
Kxe8 34. Ke2 Kd7 35. Kd3 b5 36. Bc5 a6 37. Bf8 g6 38. Bc5 Ke6 39. Ba7 f5 40.
Bb8 h5 41. h4 Kd7 42. Bf4 Nb6 43. a5 Nd5 44. Be5 Ke6 45. Bf4 Nf6 46. Bg5 Nd7
47. Be3 Kd5 48. Bg5 Nf8 49. b4 Ne6 50. Bf6 Kd6 51. Be5+ Kd7 52. Ke3 Ke7 53. Kd3
Kf7 54. Ke3 Kg8 55. Kd3 Kf8 56. Ke3 Kf7 57. Kd3 g5 58. hxg5 Nxg5 59. Ke3 Ne6
60. Bb8 Kg6 61. Bd6 Kf6 62. f4 Kf7 63. Bc5 Kf6 64. Bd6 Kg6 65. Be5 Kf7 66. Bd6
Ke8 67. Be5 Kd7 68. Kd3 Ke7 69. Ke3 Kf7 70. Kd3 Kg6 71. Ke3 h4 72. gxh4 Kh5 73.
Kf3 Kxh4 74. Bf6+ Kh3 75. Be5 Kh2 76. Kf2 Kh3 77. Kf3 Kh4 78. Bf6+ Kh5 79. Be5
Kg6 80. Kg3 Nd8 81. Bd6 Kf6 82. Kh4 Nf7 83. Bf8 Kg6 84. Kg3 Nd8 85. Bd6 Ne6 86.
Be5 Nf8 87. Kh4 Kh6 88. Kg3 Ng6 89. Bf6 Kh7 90. Kf3 Kg8 91. Ke3 Kf7 92. Bg5 Ke6
93. Kd3 Kd5 94. Bh6 Nh4 95. Bg7 Ng2 96. Be5 Ne1+ 97. Kd2 Nf3+ 98. Kd3 Nh2 99.
Bf6 Ke6 100. Bd8 Ng4 101. Bg5 Nf2+ 102. Ke2 Ne4 103. Kd3 Nd6 104. Bh4 Kd5 105.
Be7 Ne8 106. Bd8 Ng7 107. Bf6 Ne6 1/2-1/2

[Event "CZECH OPEN 2011 "]
[Site "Pardubice (CZE)"]
[Date "2011.07.24"]
[Round "3.63"]
[White "Goikhman, Valentin"]
[Black "Sergienko, Sergey"]
[Result "1-0"]
[WhiteElo "2256"]
[BlackElo "2411"]
[PlyCount "57"]
[EventDate "2011.07.22"]

1. e4 e5 2. Nf3 Nc6 3. Bb5 a6 4. Ba4 d6 5. c3 Bd7 6. d4 Nge7 7. Be3 Ng6 8. h4
Be7 9. g3 h6 10. d5 Nb8 11. Nbd2 Nf8 12. c4 c5 13. Bxd7+ Nbxd7 14. b4 Nh7 15.
bxc5 dxc5 16. Rb1 Qc7 17. O-O O-O 18. Ne1 Nhf6 19. Nd3 Ne8 20. f4 b5 21. Qh5 f5
22. exf5 Nef6 23. Qe2 bxc4 24. Nxc4 Nxd5 25. Bd2 Nb4 26. Ndxe5 Rae8 27. a3 Nc2
28. Ba5 Nd4 29. Qa2 1-0

[Event "CZECH OPEN 2011 "]
[Site "Pardubice (CZE)"]
[Date "2011.07.24"]
[Round "3.64"]
[White "Ivanov, Mikhail"]
[Black "Lambrechts, Koen"]
[Result "1-0"]
[WhiteElo "2410"]
[BlackElo "2255"]
[PlyCount "59"]
[EventDate "2011.07.22"]

1. Nf3 g6 2. c4 Bg7 3. Nc3 d6 4. d4 Nf6 5. e4 O-O 6. h3 c5 7. d5 a6 8. a4 b6 9.
Bf4 Nbd7 10. Be2 Ra7 11. O-O Ne8 12. Qd2 Ndf6 13. e5 Nd7 14. Qe3 dxe5 15. Nxe5
Nxe5 16. Bxe5 Nd6 17. Bxg7 Kxg7 18. a5 Nf5 19. Qe5+ f6 20. Qe4 Nd4 21. Bg4 bxa5
22. Bxc8 Qxc8 23. Rfd1 Qc7 24. Na4 Rb8 25. Rxd4 cxd4 26. Qxd4 Rb4 27. Nc5 Kg8
28. Ne6 Rxc4 29. Qe3 Qb8 30. Qh6 1-0